000 00433nam a2200133Ia 4500
005 20260326100048.0
008 260326s9999||||xx |||||||||||||| ||und||
100 _aMuseo de Arte Contemporáneo de Caracas
245 0 _aLo óptico y lo háptico :
_b Obras y Proyectos de Enrique Larrañaga y Vilma Obaldía /
_cMuseo de Arte Contemporáneo de Caracas
260 _bLa Galaxia
300 _a110 p.
650 _aARQUITECTOS
942 _cBK
999 _c7274
_d7274